Verkehrszeichen einfach#2 - Statistiken

Allgemein
  • Dieses Quiz wurde 112 mal gespielt
  • Das Durchschnittsergebnis liegt bei 5 aus 16
Antwortstatistiken
Bildquiz Antwort % Korrekt
Stau
90%
Fußgänger
88%
Wildwechsel
74%
Kinder
66%
Parkscheibe
51%
Radweg
35%
Gehweg
26%
Absolutes Haltverbot
5%
Eingeschranktes Haltverbot
4%
Straßennamensschild
4%
Verbot für Fahrzeuge aller Art
4%
Ende einer Umleitung
3%
Ortstafel (Rickseite)
3%
Ortstafel (Vorderseite)
3%
Umleitungsankündigung
3%
Umleitungswegweiser
3%
Keine übereinstimmenden Quizze gefunden
Verteilung der Resultate
Anzahl Personen mit jedem Resultat
Perzentil nach korrekt beantworteten Fragen
Ihre Resultats-Entwicklung
Sie haben dieses Quiz noch nicht gespielt